[Event "FIDE Olympiad Disabilties 2020"]
[Site "Online"]
[Date "2020.11.21"]
[Round "1.1"]
[White "Molenda, Marcin"]
[Black "Alam, Khorshed"]
[Result "1-0"]
[WhiteElo "2349"]
[BlackElo "2065"]
[Annotator "ChessBase"]
[PlyCount "45"]
[EventDate "2020.11.21"]
[EventType "team-tourn"]
[EventCountry "NET"]
[SourceTitle "playchess.com"]
[Source "ChessBase"]
[SourceQuality "1"]
[WhiteTeam "Poland"]
[BlackTeam "Bangladesh"]
[WhiteTeamCountry "POL"]
[BlackTeamCountry "BAN"]

1. d4 d5 2. c4 c6 3. Nf3 Nf6 4. Qb3 Qb6 5. Nc3 dxc4 6. Qxc4 Be6 7. Qd3 Nd5 8. e4 Nb4 9. Qd1 Bg4 10. Be3 Bxf3 11. gxf3 e6 12. a3 N4a6 13. Qd2 Qc7 14. O-O-O b5 15. Kb1 b4 16. axb4 Bxb4 17. Rg1 g6 18. d5 cxd5 19. Bb5+ Ke7 20. exd5 Rd8 21. Bd4 e5 22. Rge1 Rxd5 23. Nxd5+ 1-0

[Event "FIDE Olympiad Disabilties 2020"]
[Site "Online"]
[Date "2020.11.21"]
[Round "1.1"]
[White "Choroszej, Aleksander"]
[Black "Sarkar, Bappi"]
[Result "1-0"]
[WhiteElo "2042"]
[BlackElo "1808"]
[Annotator "NA"]
[PlyCount "157"]
[EventDate "2020.11.21"]
[EventType "team-tourn"]
[EventCountry "NET"]
[SourceTitle "playchess.com"]
[Source "ChessBase"]
[SourceQuality "1"]
[WhiteTeam "Poland"]
[BlackTeam "Bangladesh"]
[WhiteTeamCountry "POL"]
[BlackTeamCountry "BAN"]

1. d4 d5 2. c4 e6 3. Nc3 Nf6 4. Nf3 Be7 5. Bf4 c6 6. e3 Nbd7 7. c5 b6 8. b4 bxc5 9. bxc5 Qa5 10. Qd2 Ba6 11. h3 Bxf1 12. Kxf1 Bd8 13. Kg1 O-O 14. g4 Bc7 15. Kg2 Rac8 16. Rhb1 Rb8 17. Bxc7 Qxc7 18. Qc2 e5 19. Rb3 e4 20. Ng1 h6 21. Nge2 Nh7 22. Ng3 Ng5 23. Nce2 Nf6 24. Ng1 Rfe8 25. Rab1 g6 26. Qb2 Rxb3 27. Qxb3 Kg7 28. Qb7 Re7 29. Qxc7 Rxc7 30. a4 Ne6 31. a5 Nd8 32. a6 Kf8 33. Rb8 Ke7 34. N1e2 Nd7 35. Rb2 Rc8 36. Nc3 Rb8 37. Ra2 Rb3 38. Nce2 Ne6 39. Nf1 Ng5 40. Ng1 Kd8 41. Nd2 Rb5 42. h4 Ne6 43. f3 f5 44. gxf5 gxf5 45. fxe4 dxe4 46. Nc4 f4 47. exf4 Nxf4+ 48. Kg3 Ne6 49. Ne2 Rb4 50. Ne5 Nxe5 51. dxe5 Nxc5 52. Kf4 Ke7 53. Kf5 e3 54. Nf4 Nd3 55. Nxd3 Rd4 56. Nf4 Rd2 57. Ra3 e2 58. Re3 Ra2 59. Rxe2 Rxa6 60. Rg2 Kf8 61. Kf6 c5+ 62. Ne6+ Ke8 63. Rg8+ Kd7 64. Rg7+ Kc6 65. Rc7+ Kd5 66. Rxc5+ Ke4 67. Rc8 Ra5 68. Nc5+ Kf4 69. e6 Kg4 70. e7 Ra1 71. e8=Q Re1 72. Qxe1 a5 73. Ne6 a4 74. Rc4+ Kf3 75. Qe4+ Kg3 76. Rc3+ Kf2 77. Qf3+ Ke1 78. Rd3 h5 79. Rd1# 1-0

[Event "FIDE Olympiad Disabilties 2020"]
[Site "Online"]
[Date "2020.11.21"]
[Round "1.1"]
[White "Husain, Ejaz"]
[Black "Nowak, Lukasz"]
[Result "0-1"]
[WhiteElo "1952"]
[BlackElo "2265"]
[Annotator "NA"]
[PlyCount "80"]
[EventDate "2020.11.21"]
[EventType "team-tourn"]
[EventCountry "NET"]
[SourceTitle "playchess.com"]
[Source "ChessBase"]
[SourceQuality "1"]
[WhiteTeam "Bangladesh"]
[BlackTeam "Poland"]
[WhiteTeamCountry "BAN"]
[BlackTeamCountry "POL"]

1. e4 c5 2. Nf3 d6 3. c3 Nf6 4. Be2 Bd7 5. d3 g6 6. O-O Bg7 7. Re1 O-O 8. Bf1 Nc6 9. h3 e5 10. a4 h6 11. Na3 Be6 12. Nc4 Qc7 13. Ne3 Rae8 14. Nh2 Kh7 15. Nhg4 Nd7 16. Nd5 Bxd5 17. exd5 Ne7 18. c4 f5 19. Nh2 f4 20. Be2 Nf5 21. Bg4 h5 22. Bxf5 Rxf5 23. g4 fxg3 24. fxg3 Ref8 25. Be3 Bh6 26. Bxh6 Kxh6 27. Qd2+ Kg7 28. Rf1 Qd8 29. Rxf5 Rxf5 30. Rf1 Rxf1+ 31. Nxf1 b6 32. Kg2 Qf6 33. Qe3 e4 34. Qxe4 Qxb2+ 35. Kg1 Ne5 36. Nh2 Qb1+ 37. Kg2 Qxd3 38. Qxd3 Nxd3 39. Nf3 Kf6 40. Nd2 Nb2 0-1

[Event "FIDE Olympiad Disabilties 2020"]
[Site "Online"]
[Date "2020.11.21"]
[Round "1.1"]
[White "Marufa Azad, Sukanna"]
[Black "Jakimczuk, Alicja"]
[Result "0-1"]
[WhiteElo "1164"]
[BlackElo "1314"]
[Annotator "NA"]
[PlyCount "146"]
[EventDate "2020.11.21"]
[EventType "team-tourn"]
[EventCountry "NET"]
[SourceTitle "playchess.com"]
[Source "ChessBase"]
[SourceQuality "1"]
[WhiteTeam "Bangladesh"]
[BlackTeam "Poland"]
[WhiteTeamCountry "BAN"]
[BlackTeamCountry "POL"]

1. e4 d5 2. Nf3 dxe4 3. Ng5 Nf6 4. d3 exd3 5. Bxd3 h6 6. Nxf7 Kxf7 7. Bg6+ Kxg6 8. Qxd8 Bf5 9. Qxc7 b6 10. f3 Nbd7 11. Nc3 Be6 12. Qg3+ Kf7 13. Ne4 Nd5 14. O-O Nc5 15. Nxc5 bxc5 16. Bf4 Bf5 17. c4 Nb6 18. Rac1 Rg8 19. Qf2 Rc8 20. Rfe1 g5 21. Bd2 Kg7 22. g4 Bd3 23. Bc3+ Kh7 24. Re3 Bxc4 25. Qc2+ Rg6 26. b3 Bf7 27. Rd1 Nd5 28. Red3 e6 29. Be1 Bg7 30. Bf2 Bf8 31. Qe2 Rc7 32. Qe5 Bg7 33. Qe4 Bf8 34. Bg3 Rd7 35. Qa4 Rb7 36. Qc6 Rb4 37. a3 Rb6 38. Qd7 Kg8 39. Qxa7 Rf6 40. Be5 Rg6 41. h3 Rc6 42. b4 c4 43. Rd4 c3 44. b5 Rb6 45. Rc4 Rxb5 46. Bxc3 Nxc3 47. Rxc3 Rf6 48. Rc7 Rxf3 49. Rxf7 Rxf7 50. Qe3 Bc5 51. Qxc5 Rxc5 52. a4 Ra5 53. Rd4 Rb7 54. Kf2 Kf7 55. Ke3 Ke7 56. Ke4 Rd7 57. Rb4 Rda7 58. Kd4 Rxa4 59. Rxa4 Rxa4+ 60. Ke5 Ra6 61. Ke4 Kf6 62. Kf3 Ke5 63. Kg3 Kd4 64. h4 gxh4+ 65. Kxh4 e5 66. Kg3 Ra3+ 67. Kh4 e4 68. Kh5 Ra6 69. Kh4 e3 70. Kg3 e2 71. Kf2 Kd3 72. Ke1 Ke3 73. g5 Ra1# 0-1

[Event "FIDE Olympiad Disabilties 2020"]
[Site "Online"]
[Date "2020.11.21"]
[Round "1.3"]
[White "Severino, Sander"]
[Black "Song, Guannan Terry"]
[Result "0-1"]
[WhiteElo "2364"]
[BlackElo "2145"]
[Annotator "NA"]
[PlyCount "62"]
[EventDate "2020.11.21"]
[EventType "team-tourn"]
[EventCountry "NET"]
[SourceTitle "playchess.com"]
[Source "ChessBase"]
[SourceQuality "1"]
[WhiteTeam "Philippines"]
[BlackTeam "Canada"]
[WhiteTeamCountry "PHI"]
[BlackTeamCountry "CAN"]

1. d4 Nf6 2. Nf3 c5 3. e3 g6 4. Be2 Bg7 5. O-O b6 6. a4 a6 7. c4 Nc6 8. Nc3 d6 9. h3 O-O 10. d5 Na5 11. e4 e5 12. Ne1 Nd7 13. Ra3 Qe7 14. Nc2 f5 15. exf5 gxf5 16. f4 Kh8 17. Kh1 Ra7 18. b4 cxb4 19. Nxb4 Rc7 20. Nc6 Nxc6 21. dxc6 Rxc6 22. a5 Bb7 23. Nd5 Qh4 24. Be3 bxa5 25. Rxa5 Nc5 26. Bf2 Qh6 27. fxe5 Bxe5 28. Be3 Qg7 29. Bf4 Ne4 30. Ra3 Rg8 31. Rff3 Qxg2# 0-1

[Event "FIDE Olympiad Disabilties 2020"]
[Site "Online"]
[Date "2020.11.21"]
[Round "1.3"]
[White "Perez, Gilbert"]
[Black "Lopez, Henry"]
[Result "0-1"]
[WhiteElo "1835"]
[BlackElo "2107"]
[Annotator "NA"]
[PlyCount "134"]
[EventDate "2020.11.21"]
[EventType "team-tourn"]
[EventCountry "NET"]
[SourceTitle "playchess.com"]
[Source "ChessBase"]
[SourceQuality "1"]
[WhiteTeam "Canada"]
[BlackTeam "Philippines"]
[WhiteTeamCountry "CAN"]
[BlackTeamCountry "PHI"]

1. e4 c5 2. Nc3 Nc6 3. f4 e6 4. Nf3 a6 5. g3 d6 6. Bg2 g6 7. O-O Bg7 8. d3 Nf6 9. h3 O-O 10. Ne2 Ne8 11. g4 f5 12. g5 Nc7 13. Ng3 Rb8 14. h4 Nd4 15. c3 Nxf3+ 16. Qxf3 Bd7 17. h5 Bc6 18. hxg6 hxg6 19. Qd1 d5 20. e5 Kf7 21. d4 c4 22. Kf2 Rh8 23. Rh1 Qd7 24. Be3 Rxh1 25. Qxh1 Rh8 26. Qd1 b5 27. a3 Bf8 28. Qe2 a5 29. Rh1 Rxh1 30. Bxh1 b4 31. axb4 axb4 32. Qf1 b3 33. Qh3 Bg7 34. Bf3 Qe8 35. Qh7 Qh8 36. Qxh8 Bxh8 37. Bc1 Bg7 38. Ke1 Nb5 39. Kd2 Bf8 40. Ne2 Be7 41. Kd1 Bd8 42. Kd2 Be8 43. Kd1 Ke7 44. Kd2 Kd7 45. Ng3 Kc6 46. Nf1 Ba5 47. Kd1 Bf7 48. Ne3 Kc7 49. Nf1 Bxc3 50. bxc3 Nxc3+ 51. Kd2 Nb1+ 52. Kd1 c3 53. Ne3 b2 54. Bxb2 cxb2 55. Kc2 Nd2 56. Kxb2 Nxf3 57. Kc3 Kb6 58. Ng2 Be8 59. Kd3 Bb5+ 60. Ke3 Bf1 61. Kxf3 Bxg2+ 62. Kxg2 Kb5 63. Kf3 Kc4 64. Ke3 Kc3 65. Ke2 Kxd4 66. Kf3 Kd3 67. Kf2 Ke4 0-1

[Event "FIDE Olympiad Disabilties 2020"]
[Site "Online"]
[Date "2020.11.21"]
[Round "1.3"]
[White "Morin, Louis"]
[Black "Mendoza, Cheyzer Crystal J."]
[Result "1-0"]
[WhiteElo "1806"]
[BlackElo "1639"]
[Annotator "NA"]
[PlyCount "95"]
[EventDate "2020.11.21"]
[EventType "team-tourn"]
[EventCountry "NET"]
[SourceTitle "playchess.com"]
[Source "ChessBase"]
[SourceQuality "1"]
[WhiteTeam "Canada"]
[BlackTeam "Philippines"]
[WhiteTeamCountry "CAN"]
[BlackTeamCountry "PHI"]

1. e4 c5 2. d4 cxd4 3. c3 d3 4. Qxd3 Nc6 5. Nf3 d6 6. Be2 Nf6 7. O-O g6 8. Rd1 Bg7 9. Bf4 Qb6 10. Na3 Ng4 11. Nc4 Qc7 12. Bxd6 exd6 13. Nxd6+ Ke7 14. Qc4 Be6 15. Qc5 Qa5 16. Bb5 Bd4 17. Nxd4 Kf6 18. Nxb7 Qc7 19. Nd6 a6 20. Bxc6 Rad8 21. Nxe6 fxe6 22. f4 Rhf8 23. Qg5+ Kg7 24. Ne8+ Rdxe8 25. Rd7+ Qxd7 26. Bxd7 Rd8 27. Qxg4 Rxd7 28. Qxe6 Rb7 29. Qe5+ Rf6 30. g4 Rb5 31. Qd4 h6 32. h4 Kf7 33. Qd7+ Kg8 34. Rd1 Rf7 35. Qc8+ Kg7 36. Qxa6 Rxb2 37. Rd6 Rb1+ 38. Kg2 Rb2+ 39. Kg3 Rc2 40. Rxg6+ Kh7 41. Rxh6+ Kg7 42. Qg6+ Kf8 43. Rh8+ Ke7 44. Qg5+ Kd7 45. Qd5+ Ke7 46. Qd8+ Ke6 47. Re8+ Re7 48. Qxe7# 1-0

[Event "FIDE Olympiad Disabilties 2020"]
[Site "Online"]
[Date "2020.11.21"]
[Round "1.4"]
[White "Gurbanov, Andrei"]
[Black "Rathi Himanshi"]
[Result "1-0"]
[WhiteElo "2289"]
[BlackElo "1177"]
[Annotator "ChessBase"]
[PlyCount "63"]
[EventDate "2020.11.21"]
[EventType "team-tourn"]
[EventCountry "NET"]
[SourceTitle "playchess.com"]
[Source "ChessBase"]
[SourceQuality "1"]
[WhiteTeam "Israel"]
[BlackTeam "India"]
[WhiteTeamCountry "ISR"]
[BlackTeamCountry "IND"]

1. d4 d5 2. c4 e6 3. Nc3 Nf6 4. cxd5 exd5 5. Bg5 c6 6. e3 Be7 7. Qc2 Nbd7 8. Nf3 h6 9. Bf4 O-O 10. h3 Nh5 11. Bh2 Nhf6 12. O-O-O a5 13. Kb1 b6 14. g4 Ne8 15. e4 Bb7 16. e5 b5 17. Bd3 Nb6 18. h4 a4 19. Ne2 Nc4 20. g5 h5 21. Nf4 g6 22. Bxg6 fxg6 23. Qxg6+ Ng7 24. Ne6 Rf7 25. Nxd8 Bxd8 26. Nd2 Rxf2 27. Nxc4 dxc4 28. Rhf1 Rxb2+ 29. Kxb2 a3+ 30. Kc1 b4 31. Rf7 b3 32. Qxg7# 1-0

[Event "FIDE Olympiad Disabilties 2020"]
[Site "Online"]
[Date "2020.11.21"]
[Round "1.4"]
[White "Venkata, Krishna Karthik K"]
[Black "Zilberman, Yaacov"]
[Result "0-1"]
[WhiteElo "1903"]
[BlackElo "2339"]
[Annotator "NA"]
[PlyCount "140"]
[EventDate "2020.11.21"]
[EventType "team-tourn"]
[EventCountry "NET"]
[SourceTitle "playchess.com"]
[Source "ChessBase"]
[SourceQuality "1"]
[WhiteTeam "India"]
[BlackTeam "Israel"]
[WhiteTeamCountry "IND"]
[BlackTeamCountry "ISR"]

1. e4 c5 2. Nc3 e6 3. Nge2 Nc6 4. g3 g6 5. Bg2 Bg7 6. d3 d6 7. O-O Nge7 8. Be3 Nd4 9. Qd2 O-O 10. Nd1 Rb8 11. Nc1 b6 12. c3 Ndc6 13. Bh6 d5 14. Bxg7 Kxg7 15. exd5 Nxd5 16. Ne3 Nxe3 17. Qxe3 Bb7 18. Ne2 Qd6 19. Rfd1 Qe5 20. d4 cxd4 21. Nxd4 Qxe3 22. fxe3 Ne5 23. Bxb7 Rxb7 24. b3 Rc8 25. c4 a6 26. a4 Kf6 27. Ra2 Ke7 28. Rad2 Nd7 29. Ne2 Nc5 30. Nc1 Rcc7 31. Kf1 f5 32. Ke2 b5 33. axb5 axb5 34. cxb5 Ne4 35. Rb2 Nc3+ 36. Kd2 Nxd1 37. Kxd1 Rxb5 38. Ne2 e5 39. Kd2 Rd5+ 40. Ke1 Rd3 41. Kf2 Rcd7 42. b4 Kd8 43. b5 Kc7 44. b6+ Kb7 45. Rb5 R3d5 46. Rb2 R7d6 47. e4 fxe4 48. Rb4 Rxb6 49. Rxe4 Rb2 50. h4 Kc6 51. Re3 Kd6 52. Kf3 Rdb5 53. Nc3 R5b3 54. Ne4+ Ke7 55. Nc3 Kf7 56. Ke4 Rc2 57. Nd5 Rxe3+ 58. Nxe3 Rc3 59. g4 Ke6 60. Kf3 h5 61. gxh5 gxh5 62. Ke4 Ra3 63. Kf3 Ra4 64. Ng2 Rg4 65. Kf2 e4 66. Ne3 Rxh4 67. Kg3 Rg4+ 68. Nxg4 hxg4 69. Kf4 Kd5 70. Kxg4 Kd4 0-1

[Event "FIDE Olympiad Disabilties 2020"]
[Site "Online"]
[Date "2020.11.21"]
[Round "1.4"]
[White "Aleksandrova, Aleksandra"]
[Black "Soundarya Kumar Pradhan"]
[Result "1/2-1/2"]
[WhiteElo "1780"]
[BlackElo "1746"]
[Annotator "NA"]
[PlyCount "89"]
[EventDate "2020.11.21"]
[EventType "team-tourn"]
[EventCountry "NET"]
[SourceTitle "playchess.com"]
[Source "ChessBase"]
[SourceQuality "1"]
[WhiteTeam "Israel"]
[BlackTeam "India"]
[WhiteTeamCountry "ISR"]
[BlackTeamCountry "IND"]

1. d4 Nf6 2. Nd2 c5 3. Ngf3 cxd4 4. Nxd4 d5 5. c3 e5 6. N4f3 Nc6 7. e3 Bg4 8. Qa4 Bd6 9. Bb5 Qc7 10. h3 Bd7 11. Qc2 O-O 12. a4 e4 13. Bxc6 bxc6 14. Nd4 c5 15. Nb5 Bxb5 16. axb5 Rfb8 17. Qa4 Qd7 18. c4 d4 19. Nb3 a6 20. exd4 cxd4 21. Nxd4 axb5 22. Qxa8 Rxa8 23. Rxa8+ Ne8 24. Be3 Bb4+ 25. Ke2 bxc4 26. Rd1 Bf8 27. Nf5 Qxf5 28. Rdd8 Qh5+ 29. g4 Qxh3 30. Rxe8 Qxg4+ 31. Ke1 h5 32. Rxf8+ Kh7 33. Rxf7 Qg1+ 34. Kd2 Qb1 35. Rb8 Qd3+ 36. Ke1 h4 37. Rbb7 Qb1+ 38. Ke2 Qd3+ 39. Ke1 Qb1+ 40. Kd2 Qd3+ 41. Kc1 Qf1+ 42. Kc2 Qd3+ 43. Kc1 Qf1+ 44. Kc2 Qd3+ 45. Kc1 1/2-1/2

[Event "FIDE Olympiad Disabilties 2020"]
[Site "Online"]
[Date "2020.11.21"]
[Round "1.4"]
[White "Samarth J Rao"]
[Black "Shevelev, Arkady"]
[Result "0-1"]
[WhiteElo "1664"]
[BlackElo "2280"]
[Annotator "NA"]
[PlyCount "114"]
[EventDate "2020.11.21"]
[EventType "team-tourn"]
[EventCountry "NET"]
[SourceTitle "playchess.com"]
[Source "ChessBase"]
[SourceQuality "1"]
[WhiteTeam "India"]
[BlackTeam "Israel"]
[WhiteTeamCountry "IND"]
[BlackTeamCountry "ISR"]

1. d4 Nf6 2. Bf4 d5 3. e3 c5 4. c3 Nc6 5. Bd3 cxd4 6. exd4 g6 7. Nf3 Nh5 8. Be3 Qd6 9. O-O Nf4 10. Ne5 Nxd3 11. Qxd3 Bg7 12. f4 O-O 13. Nd2 f6 14. Nxc6 bxc6 15. Nb3 Rb8 16. Qe2 Re8 17. Qf2 Ba6 18. Rfe1 Qc7 19. Nc5 Bc8 20. f5 gxf5 21. b4 e5 22. Qh4 Qf7 23. Bh6 f4 24. Re2 Bxh6 25. Qxh6 Qg6 26. Qxg6+ hxg6 27. h3 Bf5 28. Rae1 e4 29. Kf2 Kf7 30. a4 g5 31. g4 e3+ 32. Kg1 Be4 33. Ra2 Rh8 34. Nxe4 dxe4 35. Kh2 Rh4 36. Kg2 f3+ 37. Kg3 e2 38. Rh1 Rbh8 39. Raa1 Rxh3+ 40. Rxh3 Rxh3+ 41. Kxh3 f2 42. b5 f1=Q+ 43. Rxf1 exf1=Q+ 44. Kg3 cxb5 45. axb5 Qxb5 46. Kf2 Qd3 47. c4 Qxd4+ 48. Ke2 Qxc4+ 49. Ke3 Qd3+ 50. Kf2 Qf3+ 51. Kg1 Qxg4+ 52. Kf2 Qf3+ 53. Ke1 Qg2 54. Kd1 e3 55. Kc1 Qd2+ 56. Kb1 e2 57. Ka1 e1=Q# 0-1

[Event "FIDE Olympiad Disabilties 2020"]
[Site "Online"]
[Date "2020.11.21"]
[Round "1.5"]
[White "Morales Romero, Pedro"]
[Black "Suaza, Yesid"]
[Result "0-1"]
[WhiteElo "2332"]
[BlackElo "1836"]
[Annotator "NA"]
[PlyCount "28"]
[EventDate "2020.11.21"]
[EventType "team-tourn"]
[EventCountry "NET"]
[SourceTitle "playchess.com"]
[Source "ChessBase"]
[SourceQuality "1"]
[WhiteTeam "Cuba"]
[BlackTeam "Colombia"]
[WhiteTeamCountry "CUB"]
[BlackTeamCountry "COL"]

1. e4 e6 2. Nf3 d5 3. Nc3 Nf6 4. e5 Nfd7 5. d4 c5 6. dxc5 Bxc5 7. Bd3 Nc6 8. Bf4 Nb4 9. Be2 b6 10. a3 Nc6 11. O-O Bb7 12. Bd3 Be7 13. Nb5 O-O 14. Nd6 Qc7 0-1

[Event "FIDE Olympiad Disabilties 2020"]
[Site "Online"]
[Date "2020.11.21"]
[Round "1.5"]
[White "Lavigne Lopez, Raul Leonardo"]
[Black "Rosales, Jhon Mike"]
[Result "1-0"]
[WhiteElo "2229"]
[BlackElo "1690"]
[Annotator "NA"]
[PlyCount "79"]
[EventDate "2020.11.21"]
[EventType "team-tourn"]
[EventCountry "NET"]
[SourceTitle "playchess.com"]
[Source "ChessBase"]
[SourceQuality "1"]
[WhiteTeam "Cuba"]
[BlackTeam "Colombia"]
[WhiteTeamCountry "CUB"]
[BlackTeamCountry "COL"]

1. e4 e6 2. d4 d5 3. Nc3 Nf6 4. e5 Nfd7 5. f4 c5 6. Nf3 Nc6 7. Be3 Qb6 8. a3 c4 9. b3 cxb3 10. cxb3 Na5 11. b4 Nc6 12. Bd3 Be7 13. O-O a6 14. Qd2 f5 15. Kh1 Nf8 16. Rg1 Bd7 17. Na4 Qd8 18. Nc5 Bxc5 19. bxc5 b6 20. cxb6 Qxb6 21. Rab1 Qa7 22. Rb2 Rb8 23. Rgb1 Rxb2 24. Qxb2 Ng6 25. Qb7 Qxb7 26. Rxb7 Nge7 27. Bxa6 Bc8 28. Rb6 Bxa6 29. Rxa6 O-O 30. Ng5 Rb8 31. h3 h6 32. Nxe6 Rb3 33. Bf2 Rd3 34. Ra4 Kf7 35. Nc5 Rd2 36. Kg1 Rd1+ 37. Kh2 Rd2 38. Bg1 Ng6 39. Kg3 Rd3+ 40. Nxd3 1-0

[Event "FIDE Olympiad Disabilties 2020"]
[Site "Online"]
[Date "2020.11.21"]
[Round "1.5"]
[White "Ortega Moran, Helmer Andres"]
[Black "Larduet Despaigne, Carlos"]
[Result "0-1"]
[WhiteElo "1762"]
[BlackElo "2293"]
[Annotator "NA"]
[PlyCount "62"]
[EventDate "2020.11.21"]
[EventType "team-tourn"]
[EventCountry "NET"]
[SourceTitle "playchess.com"]
[Source "ChessBase"]
[SourceQuality "1"]
[WhiteTeam "Colombia"]
[BlackTeam "Cuba"]
[WhiteTeamCountry "COL"]
[BlackTeamCountry "CUB"]

1. e4 c5 2. Nf3 e6 3. d4 cxd4 4. Nxd4 a6 5. Nc3 Qc7 6. Bd3 Nf6 7. f4 d6 8. Nf3 Nc6 9. O-O Be7 10. Be3 O-O 11. a3 b5 12. Qd2 Ng4 13. Bd4 Nxd4 14. Nxd4 Qa7 15. Be2 e5 16. Nd5 exd4 17. Nxe7+ Qxe7 18. Qxd4 Nf6 19. Rad1 Nxe4 20. Bf3 Bb7 21. c3 d5 22. f5 Rfe8 23. f6 Nxf6 24. Rde1 Ne4 25. Bh5 g6 26. Bg4 Rad8 27. Rf4 Qe5 28. Qe3 d4 29. Qf3 dxc3 30. Rxf7 Qc5+ 31. Kf1 Nd2# 0-1

[Event "FIDE Olympiad Disabilties 2020"]
[Site "Online"]
[Date "2020.11.21"]
[Round "1.5"]
[White "Franco, Yolima"]
[Black "Batista Rivera, Idalis"]
[Result "1/2-1/2"]
[WhiteElo "1517"]
[BlackElo "1811"]
[Annotator "NA"]
[PlyCount "39"]
[EventDate "2020.11.21"]
[EventType "team-tourn"]
[EventCountry "NET"]
[SourceTitle "playchess.com"]
[Source "ChessBase"]
[SourceQuality "1"]
[WhiteTeam "Colombia"]
[BlackTeam "Cuba"]
[WhiteTeamCountry "COL"]
[BlackTeamCountry "CUB"]

1. c4 c5 2. Nc3 Nc6 3. Nf3 g6 4. g3 Bg7 5. Bg2 e6 6. O-O Nge7 7. Re1 O-O 8. d3 d6 9. Bf4 a6 10. a3 Rb8 11. Ne4 e5 12. Bd2 b5 13. b3 Bf5 14. Ra2 Bxe4 15. dxe4 bxc4 16. bxc4 Nd4 17. e3 Ndc6 18. Qc1 Qc7 19. Rd1 Rb3 20. Bc3 1/2-1/2

[Event "FIDE Olympiad Disabilties 2020"]
[Site "Online"]
[Date "2020.11.21"]
[Round "1.6"]
[White "Smirnov, Alexey"]
[Black "Rakhatbekov, Tilegen"]
[Result "1-0"]
[WhiteElo "2436"]
[BlackElo "1399"]
[Annotator "RC"]
[PlyCount "103"]
[EventDate "2020.11.21"]
[EventType "team-tourn"]
[EventCountry "NET"]
[SourceTitle "playchess.com"]
[Source "ChessBase"]
[SourceQuality "1"]
[WhiteTeam "Russia"]
[BlackTeam "Kyrgyzstan"]
[WhiteTeamCountry "RUS"]
[BlackTeamCountry "KGZ"]

1. d4 Nf6 2. c4 e6 3. Nf3 c5 4. d5 d6 5. Nc3 exd5 6. cxd5 Bf5 7. e4 Bg6 8. Nd2 Be7 9. Be2 O-O 10. O-O Nbd7 11. h3 Re8 12. f4 h6 13. a4 Bf8 14. Bf3 c4 15. f5 Bh7 16. Nxc4 Ne5 17. Nxe5 dxe5 18. Be3 b6 19. Qd3 g6 20. g4 gxf5 21. gxf5 Kh8 22. Rae1 Bc5 23. Kh2 Qd6 24. Nb5 Qb8 25. Bxc5 bxc5 26. d6 Rd8 27. Qc3 Nd7 28. Nc7 f6 29. Qd2 Qb4 30. Qxb4 cxb4 31. Nxa8 Rxa8 32. Rc1 Rd8 33. b3 Bg8 34. Rc7 Bxb3 35. Rb1 Bxa4 36. Rxb4 Nb6 37. Rxa7 Rxd6 38. Rb7 Rd2+ 39. Kg3 Be8 40. R4xb6 Rd8 41. Rb8 Rxb8 42. Rxb8 h5 43. Rxe8+ Kg7 44. Re7+ Kh6 45. Re6 Kg5 46. h4+ Kh6 47. Rxf6+ Kg7 48. Re6 Kf7 49. Bxh5+ Kf8 50. Kg4 Kg7 51. Kg5 Kf8 52. Kg6 1-0

[Event "FIDE Olympiad Disabilties 2020"]
[Site "Online"]
[Date "2020.11.21"]
[Round "1.6"]
[White "Obodchuk, Andrei"]
[Black "Ostry, Irina"]
[Result "1-0"]
[WhiteElo "2299"]
[BlackElo "2147"]
[Annotator "NA"]
[PlyCount "87"]
[EventDate "2020.11.21"]
[EventType "team-tourn"]
[EventCountry "NET"]
[SourceTitle "playchess.com"]
[Source "ChessBase"]
[SourceQuality "1"]
[WhiteTeam "Russia"]
[BlackTeam "Kyrgyzstan"]
[WhiteTeamCountry "RUS"]
[BlackTeamCountry "KGZ"]

1. e4 c5 2. Nf3 e6 3. d4 cxd4 4. Nxd4 Nf6 5. Nc3 Nc6 6. a3 a6 7. Nxc6 bxc6 8. e5 Nd5 9. Ne4 Qc7 10. f4 Qb6 11. Bd3 Be7 12. c4 f5 13. cxd5 fxe4 14. Bxe4 cxd5 15. Qh5+ Kd8 16. Bd3 Qd4 17. Qe2 Rb8 18. Rb1 Rb3 19. Bc2 Rb8 20. Be3 Qc4 21. Bd3 Qb3 22. O-O g6 23. Rfc1 Rf8 24. Rc3 Qa4 25. b4 d4 26. Bxd4 Rxf4 27. Ba7 Ra8 28. Be3 Rf8 29. Be4 Rb8 30. Rbc1 a5 31. Rxc8+ Rxc8 32. Bb6+ Ke8 33. Rxc8+ Kf7 34. Qf3+ Kg8 35. Rxf8+ Bxf8 36. bxa5 Bxa3 37. h4 Bb2 38. g3 Bxe5 39. Kg2 d5 40. Bxd5 Qc2+ 41. Bf2 Bd4 42. Bxe6+ Kg7 43. Qf7+ Kh6 44. Qf4+ 1-0

[Event "FIDE Olympiad Disabilties 2020"]
[Site "Online"]
[Date "2020.11.21"]
[Round "1.6"]
[White "Arstanbekov, Dzhanysh"]
[Black "Babarykin, Stanislav"]
[Result "0-1"]
[WhiteElo "1729"]
[BlackElo "2387"]
[Annotator "NA"]
[PlyCount "82"]
[EventDate "2020.11.21"]
[EventType "team-tourn"]
[EventCountry "NET"]
[SourceTitle "playchess.com"]
[Source "ChessBase"]
[SourceQuality "1"]
[WhiteTeam "Kyrgyzstan"]
[BlackTeam "Russia"]
[WhiteTeamCountry "KGZ"]
[BlackTeamCountry "RUS"]

1. e4 e5 2. Nf3 Nc6 3. d4 exd4 4. Nxd4 Nf6 5. Nxc6 bxc6 6. Bd3 d5 7. exd5 cxd5 8. c3 Be7 9. O-O O-O 10. Bg5 h6 11. Bh4 c5 12. b3 Re8 13. Nd2 Be6 14. c4 d4 15. h3 a5 16. Qf3 a4 17. Bg3 Qa5 18. Ne4 Nxe4 19. Qxe4 g6 20. Qf3 Qb4 21. Bc2 Bf8 22. Rfe1 Bg4 23. Qxg4 Rxe1+ 24. Rxe1 Qxe1+ 25. Kh2 axb3 26. axb3 Ra1 27. Bf4 Qxf2 28. Bxg6 Qg1+ 29. Kg3 Qe1+ 30. Kh2 fxg6 31. Qxg6+ Bg7 32. Qf5 Qg1+ 33. Kg3 Qb1 34. Qxc5 Qg6+ 35. Kh2 d3 36. Qd5+ Qf7 37. Qd8+ Qf8 38. Qd5+ Kh8 39. Bd6 Qf1 40. Be5 Qg1+ 41. Kg3 Qe3+ 0-1

[Event "FIDE Olympiad Disabilties 2020"]
[Site "Online"]
[Date "2020.11.21"]
[Round "1.6"]
[White "Bolotov, Toktobek"]
[Black "Kaydanovich, Marina"]
[Result "1-0"]
[WhiteElo "1448"]
[BlackElo "1734"]
[Annotator "NA"]
[PlyCount "55"]
[EventDate "2020.11.21"]
[EventType "team-tourn"]
[EventCountry "NET"]
[SourceTitle "playchess.com"]
[Source "ChessBase"]
[SourceQuality "1"]
[WhiteTeam "Kyrgyzstan"]
[BlackTeam "Russia"]
[WhiteTeamCountry "KGZ"]
[BlackTeamCountry "RUS"]

1. d4 d5 2. c4 c6 3. Nc3 Nf6 4. Nf3 e6 5. e3 Bd6 6. Be2 O-O 7. O-O Re8 8. a3 Nbd7 9. b4 e5 10. dxe5 Nxe5 11. cxd5 Nxf3+ 12. Bxf3 Be5 13. Bb2 cxd5 14. Na4 Bxb2 15. Nxb2 Be6 16. Nd3 Ne4 17. Nf4 Rc8 18. Ne2 Qg5 19. Rc1 Rxc1 20. Qxc1 Rc8 21. Qd1 h5 22. Qd3 Qe5 23. Rd1 h4 24. Qd4 Qxd4 25. Nxd4 Bd7 26. h3 Kf8 27. Ne2 Bc6 28. Nf4 1-0